The Boy in the Dress / (Record no. 4793)

MARC details
000 -LEADER
fixed length control field 01133nam a22002777a 4500
001 - CONTROL NUMBER
control field 4793
003 - CONTROL NUMBER IDENTIFIER
control field FISKH
005 - DATE AND TIME OF LATEST TRANSACTION
control field 20251201113339.0
008 - FIXED-LENGTH DATA ELEMENTS--GENERAL INFORMATION
fixed length control field 241014b cb ||||| |||| 00| 0 eng d
020 ## - INTERNATIONAL STANDARD BOOK NUMBER
International Standard Book Number 9780007279043
040 ## - CATALOGING SOURCE
Original cataloging agency FISKH
Language of cataloging eng
Transcribing agency FISKH
Modifying agency FISKH
050 ## - LIBRARY OF CONGRESS CALL NUMBER
Classification number PZ7.W1593357
082 ## - DEWEY DECIMAL CLASSIFICATION NUMBER
Classification number 823.92
100 ## - MAIN ENTRY--PERSONAL NAME
Personal name Walliams, David
245 ## - TITLE STATEMENT
Title The Boy in the Dress /
Statement of responsibility, etc. by David Walliams : illustrated by Quentin Blake
260 ## - PUBLICATION, DISTRIBUTION, ETC.
Place of publication, distribution, etc. Great Britain :
Name of publisher, distributor, etc. HarperCollins Children's Books ;
Date of publication, distribution, etc. 2008 .
300 ## - PHYSICAL DESCRIPTION
Extent 231 pages :
Other physical details illustrations ;
Dimensions 21 cm .
505 ## - FORMATTED CONTENTS NOTE
Formatted contents note P <br/>
520 ## - SUMMARY, ETC.
Summary, etc. "Dennis' life is boring and lonely. His mother left two years ago, his truck driver father is depressed, his brother is a bully and, worst of all, "no hugging" is one of their household rules. But one thing Dennis does have is soccer---he's the leading scorer on his team. Oh, and did we mention his secret passion for fashion?"--Jacket.
521 8# - TARGET AUDIENCE NOTE
Target audience note 650 <br/>
Source Lexile <br/>
521 8# - TARGET AUDIENCE NOTE
Target audience note P <br/>
Source Raz-Plus <br/>
650 ## - SUBJECT ADDED ENTRY--TOPICAL TERM
Topical term or geographic name entry element soccer
Form subdivision Children's fiction
700 ## - ADDED ENTRY--PERSONAL NAME
Personal name Blacke, Quentin
Relator term illustrator
942 ## - ADDED ENTRY ELEMENTS (KOHA)
Source of classification or shelving scheme Dewey Decimal Classification
Koha item type Books
Suppress in OPAC No
Holdings
Withdrawn status Lost status Source of classification or shelving scheme Damaged status Not for loan Collection Home library Current library Shelving location Date acquired Total Checkouts Full call number Barcode Date last seen Date last checked out Price effective from Koha item type
    Dewey Decimal Classification     Fiction Footprints International School Library Network Toul Tom Poung Campus Footprints International School Library Network Toul Tom Poung Campus TTP Primary Orange Bookshelves 10/14/2024 1 DAV 823.92 PZ7.W1593357 FIS05145 04/25/2025 04/04/2025 10/14/2024 Books